000 00292nam a2200109Ia 4500
008 200302s9999 xx 000 0 und d
100 _aWilliam K.Y. Tao & Others
245 _aMechanical and Electrical Systems in Buildings
260 _bPrentice Hall Inc.
260 _c1997
300 _a538 P.,
999 _c1405
_d1405